Changing Pedagogical Perspective: (Record no. 199781)

MARC details
000 -LEADER
fixed length control field 00958nam a22002537a 4500
005 - DATE AND TIME OF LATEST TRANSACTION
control field 20231222124600.0
010 ## - LCCN (DPL NO)
LC control number ENG-138730 ENG-138731
020 ## - INTERNATIONAL STANDARD BOOK NUMBER
Terms of availability 9789390897599
International Standard Book Number 995.00
020 ## - INTERNATIONAL STANDARD BOOK NUMBER
Terms of availability 9789390897544
International Standard Book Number 300.00
035 ## - SYSTEM CONTROL NUMBER
System control number EN-122262
035 ## - SYSTEM CONTROL NUMBER
System control number EN-122263
037 ## - SOURCE OF ACQUISITION
Source of stock number/acquisition DBAD/PUB
082 ## - DEWEY DECIMAL CLASSIFICATION NUMBER
Classification number 370.15
Edition number 1
100 ## - MAIN ENTRY--PERSONAL NAME
Personal name Mishra, Sachidanananda
245 ## - TITLE STATEMENT
Title Changing Pedagogical Perspective:
Remainder of title A Handbook For Parents and Teachers to Help Children with Autism/
Statement of responsibility, etc By Sachidanananda Mishra; Nibedita Guru and Sraban Kumar Bag
250 ## - EDITION STATEMENT
Edition statement 1
260 ## - PUBLICATION, DISTRIBUTION, ETC. (IMPRINT)
Place of publication, distribution, etc New Delhi
Name of publisher, distributor, etc Neelkamal Publications
Date of publication, distribution, etc 2021
270 ## - ADDRESS
Address 4764/1,23,Ansari Road Daryaganj,
City New Delhi
Postal code 110002
Telephone number 011-23244237
-- 9811828953
Electronic mail address neelkamalbooks@gmail.com
300 ## - PHYSICAL DESCRIPTION
Extent xi+172p.
Dimensions 24cm(pbk)
Other physical details ill.
300 ## - PHYSICAL DESCRIPTION
Extent xi+172p.
Dimensions 25cm(hbk)
700 ## - ADDED ENTRY--PERSONAL NAME
Personal name Guru, Nibedita
Relator term Author
9 (RLIN) 60177
700 ## - ADDED ENTRY--PERSONAL NAME
Personal name Bag, Sraban Kumar
Relator term Author
9 (RLIN) 60178
942 ## - ADDED ENTRY ELEMENTS (KOHA)
Source of classification or shelving scheme Dewey Decimal Classification
Item type English Books
Classification part 370.15
Call number suffix MIS
Edition 1
Holdings
Withdrawn status Lost status Not for loan Collection code Home library Current library Date acquired Source of acquisition Cost, normal purchase price Full call number Barcode Copy number Cost, replacement price Koha item type
      Non-fiction Ashok Vihar Ashok Vihar 22/12/2023 DBAD 995.00 370.15 MIS EN-122262 1 995.00 English Books
      Non-fiction Sarojini Nagar Sarojini Nagar 22/12/2023 DBAD/PUB 300.00 370.15 MIS EN-122263 1 300.00 English Books

© Delhi Public Library
Hit Counter
free hit counter